Normal view
MARC view
- Hafiz Mati Ur Rahman
Entry Personal Name
001 - CONTROL NUMBER
- control field: 127717
003 - CONTROL NUMBER IDENTIFIER
- control field: NUST
005 - DATE AND TIME OF LATEST TRANSACTION
- control field: 20250124113404.0
008 - FIXED-LENGTH DATA ELEMENTS
- fixed length control field: 250124|| aca||aabn | a|a d
040 ## - CATALOGING SOURCE
- Original cataloging agency: NUST
- Transcribing agency: NUST
100 ## - HEADING--PERSONAL NAME
- Personal name: Hafiz Mati Ur Rahman
670 ## - SOURCE DATA FOUND
- Source citation: Work cat.: (NUST): Hafiz Mati Ur Rahman, Implementation of Open Models for Fully / Partially Disaggregated SDN based Optical Networks/
